<?xml version="1.0" encoding="UTF-8"?>
<record
    xmlns:xsi="http://www.w3.org/2001/XMLSchema-instance"
    xsi:schemaLocation="http://www.loc.gov/MARC21/slim http://www.loc.gov/standards/marcxml/schema/MARC21slim.xsd"
    xmlns="http://www.loc.gov/MARC21/slim">

  <leader>00744nam  22001933  4500</leader>
  <controlfield tag="001">202125</controlfield>
  <datafield tag="010" ind1=" " ind2=" ">
    <subfield code="a">972-20-2399-3</subfield>
  </datafield>
  <datafield tag="021" ind1=" " ind2=" ">
    <subfield code="b">188580/02</subfield>
  </datafield>
  <datafield tag="090" ind1=" " ind2=" ">
    <subfield code="a">202125</subfield>
  </datafield>
  <datafield tag="100" ind1=" " ind2=" ">
    <subfield code="a">20260511d        u||y0pory50      ba</subfield>
  </datafield>
  <datafield tag="200" ind1=" " ind2=" ">
    <subfield code="a">Engenho e obra</subfield>
    <subfield code="e">Uma abordagem &#xE0; hist&#xF3;ria da Engenharia em Portugal no s&#xE9;culo XX</subfield>
    <subfield code="f">Coordena&#xE7;&#xE3;o Jos&#xE9; Maria Brand&#xE3;o de Brito, Manuel Heitor, Maria Fernanda Rollo</subfield>
  </datafield>
  <datafield tag="210" ind1=" " ind2=" ">
    <subfield code="a">Lisboa</subfield>
    <subfield code="c">Engenho e Obra, Instituto Superior T&#xE9;cnico, Publica&#xE7;&#xF5;es Dom Quixote</subfield>
    <subfield code="d">2002</subfield>
  </datafield>
  <datafield tag="215" ind1=" " ind2=" ">
    <subfield code="a">317 p.</subfield>
    <subfield code="c">ilustrado; encadernado</subfield>
    <subfield code="d">29 cm</subfield>
  </datafield>
  <datafield tag="606" ind1=" " ind2=" ">
    <subfield code="9">13230</subfield>
    <subfield code="a">Engenharia. Tecnologia em Geral</subfield>
  </datafield>
  <datafield tag="675" ind1=" " ind2=" ">
    <subfield code="a">62</subfield>
    <subfield code="v">PT</subfield>
    <subfield code="z">por</subfield>
  </datafield>
  <datafield tag="701" ind1=" " ind2=" ">
    <subfield code="9">7043</subfield>
    <subfield code="a">Brito</subfield>
    <subfield code="b">Jos&#xE9; Maria Brand&#xE3;o de </subfield>
    <subfield code="f">1947</subfield>
  </datafield>
  <datafield tag="801" ind1=" " ind2=" ">
    <subfield code="a">PT</subfield>
    <subfield code="b">BMMN</subfield>
    <subfield code="g">RPC</subfield>
  </datafield>
  <datafield tag="830" ind1=" " ind2=" ">
    <subfield code="c">Fernando</subfield>
    <subfield code="f">Fernando</subfield>
  </datafield>
  <datafield tag="990" ind1=" " ind2=" ">
    <subfield code="c">LIVROS</subfield>
  </datafield>
  <datafield tag="995" ind1=" " ind2=" ">
    <subfield code="0">0</subfield>
    <subfield code="2">0</subfield>
    <subfield code="5">2026-05-11</subfield>
    <subfield code="9">31829</subfield>
    <subfield code="b">BMMN</subfield>
    <subfield code="f">31549</subfield>
    <subfield code="k">62 ENG|DEP</subfield>
    <subfield code="o">0</subfield>
    <subfield code="r">LIVROS</subfield>
    <subfield code="s">Oferta</subfield>
  </datafield>
</record>
